| 000 | 00795cab a2200277 4500 | ||
|---|---|---|---|
| 001 | ABS54930 | ||
| 008 | 090401t1996 xxu||||| |||| 00| 0 eng d | ||
| 035 | _a(Sirsi) u13182 | ||
| 041 | _aeng | ||
| 100 | _aHill, J. | ||
| 245 | _aTales from the riverbank | ||
| 260 | _c1996 | ||
| 350 | _a0 | ||
| 490 |
_aSurveyor _v183(5383) 11 April 1996, 24-25(2) |
||
| 520 | _aDiscusses some of the Thames riverside development plans including a bridge with habitation, cable-car link and tunnels. | ||
| 650 | _aART GALLERIES | ||
| 650 | _aBLACKFRIARS RAILWAY BRIDGE | ||
| 650 | _aCABLE-CAR | ||
| 650 | _aRIVER THAMES | ||
| 650 | _aSOUTH BANK CENTRE | ||
| 650 | _aSOUTH BANK OF LONDON | ||
| 650 | _aTHEATRES | ||
| 690 | _aPROPERTY-PROPERTY DEVELOPMENT | ||
| 942 | _n0 | ||
| 948 | _c04/03/1997 | ||
| 999 |
_c8482 _d8482 |
||